<?xml version="1.0" encoding="UTF-8"?>
<record
    xmlns:xsi="http://www.w3.org/2001/XMLSchema-instance"
    xsi:schemaLocation="http://www.loc.gov/MARC21/slim http://www.loc.gov/standards/marcxml/schema/MARC21slim.xsd"
    xmlns="http://www.loc.gov/MARC21/slim">

  <leader>00334nam a22001217a 4500</leader>
  <datafield tag="040" ind1=" " ind2=" ">
    <subfield code="c">SK</subfield>
  </datafield>
  <datafield tag="082" ind1=" " ind2=" ">
    <subfield code="a">191</subfield>
  </datafield>
  <datafield tag="100" ind1=" " ind2=" ">
    <subfield code="a">LEARNING E</subfield>
  </datafield>
  <datafield tag="245" ind1=" " ind2=" ">
    <subfield code="a">Rice postharvest technology; &#x1794;&#x1785;&#x17D2;&#x1785;&#x17C1;&#x1780;&#x179C;&#x17B7;&#x1791;&#x17D2;&#x1799;&#x17B6;&#x1780;&#x17D2;&#x179A;&#x17C4;&#x1799;&#x1794;&#x17D2;&#x179A;&#x1798;&#x17BC;&#x179B;&#x1795;&#x179B;&#x179F;&#x17D2;&#x179A;&#x17BC;&#x179C;</subfield>
  </datafield>
  <datafield tag="260" ind1=" " ind2=" ">
    <subfield code="a">Phnom Penh</subfield>
    <subfield code="b">LEA</subfield>
    <subfield code="c">2015</subfield>
  </datafield>
  <datafield tag="300" ind1=" " ind2=" ">
    <subfield code="a">100p.</subfield>
  </datafield>
  <datafield tag="942" ind1=" " ind2=" ">
    <subfield code="c">KB</subfield>
  </datafield>
  <datafield tag="999" ind1=" " ind2=" ">
    <subfield code="c">9094</subfield>
    <subfield code="d">9094</subfield>
  </datafield>
  <datafield tag="952" ind1=" " ind2=" ">
    <subfield code="0">0</subfield>
    <subfield code="1">0</subfield>
    <subfield code="4">0</subfield>
    <subfield code="6">191_000000000000000_LEA_2015_C022_OR</subfield>
    <subfield code="7">0</subfield>
    <subfield code="9">50675</subfield>
    <subfield code="a">LBB</subfield>
    <subfield code="b">LBB</subfield>
    <subfield code="c">C022</subfield>
    <subfield code="d">2016-08-24</subfield>
    <subfield code="o">191 LEA 2015 C022 Or.</subfield>
    <subfield code="p">RUA061518</subfield>
    <subfield code="r">2016-09-27</subfield>
    <subfield code="y">KB</subfield>
  </datafield>
  <datafield tag="952" ind1=" " ind2=" ">
    <subfield code="0">0</subfield>
    <subfield code="1">0</subfield>
    <subfield code="4">0</subfield>
    <subfield code="6">191_000000000000000_LEA_2015</subfield>
    <subfield code="7">0</subfield>
    <subfield code="9">50676</subfield>
    <subfield code="a">LBB</subfield>
    <subfield code="b">LBB</subfield>
    <subfield code="d">2016-08-24</subfield>
    <subfield code="l">2</subfield>
    <subfield code="o">191 LEA 2015</subfield>
    <subfield code="p">RUA061741</subfield>
    <subfield code="r">2019-08-02</subfield>
    <subfield code="s">2019-07-16</subfield>
    <subfield code="w">2016-08-24</subfield>
    <subfield code="y">KB</subfield>
  </datafield>
  <datafield tag="952" ind1=" " ind2=" ">
    <subfield code="0">0</subfield>
    <subfield code="1">0</subfield>
    <subfield code="4">0</subfield>
    <subfield code="6">191_000000000000000_LEA_2015</subfield>
    <subfield code="7">0</subfield>
    <subfield code="9">50677</subfield>
    <subfield code="a">LBB</subfield>
    <subfield code="b">LBB</subfield>
    <subfield code="d">2016-08-24</subfield>
    <subfield code="l">2</subfield>
    <subfield code="o">191 LEA 2015</subfield>
    <subfield code="p">RUA061981</subfield>
    <subfield code="r">2018-11-07</subfield>
    <subfield code="s">2018-10-26</subfield>
    <subfield code="w">2016-08-24</subfield>
    <subfield code="y">KB</subfield>
  </datafield>
  <datafield tag="952" ind1=" " ind2=" ">
    <subfield code="0">0</subfield>
    <subfield code="1">0</subfield>
    <subfield code="4">0</subfield>
    <subfield code="6">191_000000000000000_LEA_2015</subfield>
    <subfield code="7">0</subfield>
    <subfield code="9">50678</subfield>
    <subfield code="a">LBB</subfield>
    <subfield code="b">LBB</subfield>
    <subfield code="d">2016-08-24</subfield>
    <subfield code="l">1</subfield>
    <subfield code="o">191 LEA 2015</subfield>
    <subfield code="p">RUA061329</subfield>
    <subfield code="r">2017-09-11</subfield>
    <subfield code="s">2017-08-30</subfield>
    <subfield code="w">2016-08-24</subfield>
    <subfield code="y">KB</subfield>
  </datafield>
  <datafield tag="952" ind1=" " ind2=" ">
    <subfield code="0">0</subfield>
    <subfield code="1">0</subfield>
    <subfield code="4">0</subfield>
    <subfield code="6">191_000000000000000_LEA_2015</subfield>
    <subfield code="7">0</subfield>
    <subfield code="9">50687</subfield>
    <subfield code="a">LBB</subfield>
    <subfield code="b">LBB</subfield>
    <subfield code="d">2016-08-24</subfield>
    <subfield code="l">4</subfield>
    <subfield code="o">191 LEA 2015</subfield>
    <subfield code="p">RUA062154</subfield>
    <subfield code="r">2022-03-09</subfield>
    <subfield code="s">2022-02-18</subfield>
    <subfield code="w">2016-08-24</subfield>
    <subfield code="y">KB</subfield>
  </datafield>
  <datafield tag="952" ind1=" " ind2=" ">
    <subfield code="0">0</subfield>
    <subfield code="1">0</subfield>
    <subfield code="4">0</subfield>
    <subfield code="6">191_000000000000000_LEA_2015</subfield>
    <subfield code="7">0</subfield>
    <subfield code="9">50688</subfield>
    <subfield code="a">LBB</subfield>
    <subfield code="b">LBB</subfield>
    <subfield code="d">2016-08-24</subfield>
    <subfield code="o">191 LEA 2015</subfield>
    <subfield code="p">RUA062428</subfield>
    <subfield code="r">2016-08-24</subfield>
    <subfield code="w">2016-08-24</subfield>
    <subfield code="y">KB</subfield>
  </datafield>
  <datafield tag="952" ind1=" " ind2=" ">
    <subfield code="0">0</subfield>
    <subfield code="1">0</subfield>
    <subfield code="4">0</subfield>
    <subfield code="6">191_000000000000000_LEA_2015</subfield>
    <subfield code="7">0</subfield>
    <subfield code="9">50689</subfield>
    <subfield code="a">LBB</subfield>
    <subfield code="b">LBB</subfield>
    <subfield code="d">2016-08-24</subfield>
    <subfield code="o">191 LEA 2015</subfield>
    <subfield code="p">RUA061926</subfield>
    <subfield code="r">2016-08-24</subfield>
    <subfield code="w">2016-08-24</subfield>
    <subfield code="y">KB</subfield>
  </datafield>
  <datafield tag="952" ind1=" " ind2=" ">
    <subfield code="0">0</subfield>
    <subfield code="1">0</subfield>
    <subfield code="4">0</subfield>
    <subfield code="6">191_000000000000000_LEA_2015</subfield>
    <subfield code="7">0</subfield>
    <subfield code="9">50690</subfield>
    <subfield code="a">LBB</subfield>
    <subfield code="b">LBB</subfield>
    <subfield code="d">2016-08-24</subfield>
    <subfield code="o">191 LEA 2015</subfield>
    <subfield code="p">RUA061443</subfield>
    <subfield code="r">2016-08-24</subfield>
    <subfield code="w">2016-08-24</subfield>
    <subfield code="y">KB</subfield>
  </datafield>
</record>
